[Event "C.to Italiano Semifinale"]
[Site "Civitanova Marche ITA"]
[Date "2012.07.19"]
[Round "6"]
[White "Scalcione, Michelangelo"]
[Black "Genocchio, Daniele"]
[WhiteElo "2346"]
[BlackElo "2431"]
[Result "0-1"]
[PlyCount "94"]
[EventDate "2012.07.15"]

1. Nf3 Nc6 2. d4 d5 3. c4 e5 4. cxd5 Qxd5 5. Nc3 Bb4 6. Bd2 Bxc3 7. Bxc3 e4 8.
Ne5 e3 9. Nxc6 bxc6 10. f3 Nf6 11. Qd3 Qg5 12. g3 O-O 13. Bg2 Nd5 14. O-O Bf5
15. Qc4 Qg6 16. f4 Rad8 17. Rac1 Rfe8 18. Bb4 Re6 19. Bc5 h5 20. Bb4 h4 21. Be1
Be4 22. Bxe4 Rxe4 23. Qd3 f5 24. Kh1 Rd6 25. gxh4 Qe6 26. Bg3 Kh7 27. Rc5 Qf6
28. Rc4 Nb6 29. Rc2 Qe6 30. Qb3 Rd5 31. Rf3 Qe8 32. Rc3 Rb5 33. Qc2 Nd5 34. Rc4
Rb8 35. a3 Rb6 36. Rf1 Qg6 37. Rf3 Qg4 38. Kg2 Nxf4+ 39. Kh1 Nd5 40. Be5 Qxf3+
41. exf3 e2 42. Qxe4 fxe4 43. Rc1 exf3 44. Kg1 Rxb2 45. Kf2 e1=Q+ 46. Kxe1 Re2+
47. Kf1 Ne3+ 0-1

[Event "C.to Italiano Semifinale"]
[Site "Civitanova Marche ITA"]
[Date "2012.07.20"]
[Round "7"]
[White "Andreoni, Giuseppe"]
[Black "Stella, Luca"]
[WhiteElo "2119"]
[BlackElo "2134"]
[Result "1/2-1/2"]
[PlyCount "71"]
[EventDate "2012.07.15"]

1. d4 Nf6 2. c4 g6 3. Nc3 d5 4. Bg5 Ne4 5. Nxe4 dxe4 6. Qd2 h6 7. Bh4 Bg7 8. e3
c5 9. d5 Qb6 10. Rb1 Nd7 11. Ne2 g5 12. Bg3 Ne5 13. Nc3 Bf5 14. Be2 Rc8 15. h4
a6 16. Rc1 O-O 17. hxg5 hxg5 18. f3 Qg6 19. fxe4 Bxe4 20. Bxe5 Bxe5 21. Nxe4
Qxe4 22. Bd3 Qg4 23. Kf1 Rcd8 24. Qe2 f5 25. Qxg4 fxg4+ 26. Ke2 g3 27. Rcf1
Rxf1 28. Rxf1 Rf8 29. Rxf8+ Kxf8 30. b3 Kg7 31. Kf3 Kf6 32. Kg4 b6 33. Kh5 Bc3
34. Kg4 Be5 35. Kf3 Bd6 36. Ke4 1/2-1/2

[Event "C.to Italiano Semifinale"]
[Site "Civitanova Marche ITA"]
[Date "2012.07.20"]
[Round "7"]
[White "Bellini, Fabio"]
[Black "Rombaldoni, Axel"]
[WhiteElo "2506"]
[BlackElo "2479"]
[Result "0-1"]
[PlyCount "78"]
[EventDate "2012.07.15"]

1. e4 e6 2. d3 c5 3. Nf3 b6 4. g3 Bb7 5. Bg2 d6 6. O-O Be7 7. c4 Nd7 8. Nc3
Ngf6 9. Ng5 h6 10. e5 Bxg2 11. exf6 Bxf6 12. Nxe6 fxe6 13. Qh5+ Ke7 14. Kxg2
Qe8 15. Qe2 Bxc3 16. bxc3 Rf8 17. d4 Qg6 18. Be3 Qf5 19. Rad1 Rad8 20. f3 Kf7
21. g4 Qf6 22. Bf2 e5 23. dxe5 Nxe5 24. f4 Ng6 25. Bg3 Kg8 26. Rd5 Qxc3 27.
Qe6+ Kh7 28. f5 Ne5 29. Bxe5 Qc2+ 30. Kg3 dxe5 31. f6 Qg6 32. Rxd8 Rxd8 33.
Qxe5 Rd3+ 34. Kh4 Rd4 35. h3 Qd3 36. Qe7 Rd7 37. Rf3 Qxf3 38. Qxd7 Qf2+ 39. Kh5
Qxf6 0-1

[Event "C.to Italiano Semifinale"]
[Site "Civitanova Marche ITA"]
[Date "2012.07.20"]
[Round "7"]
[White "Bentivegna, Francesco"]
[Black "Bonafede, Alessandro"]
[WhiteElo "2299"]
[BlackElo "2351"]
[Result "1/2-1/2"]
[PlyCount "95"]
[EventDate "2012.07.15"]

1. e4 g6 2. d4 Bg7 3. Nf3 d6 4. Bc4 c6 5. Bb3 Nf6 6. e5 dxe5 7. Nxe5 O-O 8. O-O
a5 9. c3 Nbd7 10. Nd2 Nxe5 11. dxe5 Ng4 12. e6 a4 13. exf7+ Kh8 14. Bc4 Ne5 15.
Be2 a3 16. Nc4 axb2 17. Bxb2 Nxf7 18. Qxd8 Rxd8 19. Nb6 Ra5 20. Nxc8 Rxc8 21.
Rfd1 Nd6 22. Bg4 Rca8 23. Be6 Ne4 24. Rab1 Bf6 25. Bb3 Rf8 26. f3 Nd6 27. Re1
b5 28. Bc1 c5 29. Bh6 Rd8 30. Be3 Rc8 31. Be6 Rc7 32. Rec1 Ra3 33. Bf4 Rb7 34.
Rd1 Rb6 35. Rd3 Rxc3 36. Rxc3 Bxc3 37. a4 b4 38. Kf1 Kg7 39. Be3 Nb7 40. Bd5
Be5 41. Bxb7 Rxb7 42. Bxc5 b3 43. a5 Rb5 44. Ba3 Bxh2 45. a6 Bb8 46. Bxe7 Ba7
47. Bh4 g5 48. Bf2 1/2-1/2

[Event "C.to Italiano Semifinale"]
[Site "Civitanova Marche ITA"]
[Date "2012.07.20"]
[Round "7"]
[White "Cocchi, Andrea"]
[Black "Formento, Paolo"]
[WhiteElo "2319"]
[BlackElo "2155"]
[Result "1-0"]
[PlyCount "74"]
[EventDate "2012.07.15"]

1. g3 Nf6 2. Bg2 d6 3. c4 g6 4. Nc3 Bg7 5. Nf3 O-O 6. O-O Nc6 7. d3 e5 8. Rb1
a5 9. a3 h6 10. b4 axb4 11. axb4 Be6 12. b5 Ne7 13. Bd2 Qd7 14. Ne1 d5 15. cxd5
Nfxd5 16. Ne4 b6 17. Qc1 f5 18. Nc3 Nxc3 19. Bxc3 Bd5 20. Nf3 Qe6 21. Ra1 g5
22. Qb2 Ng6 23. Rfc1 g4 24. Nd2 Bxg2 25. Kxg2 Rxa1 26. Rxa1 Kh7 27. Qa2 Qd7 28.
Qc4 f4 29. Ra7 fxg3 30. hxg3 Qf5 31. Ne4 c5 32. bxc6 h5 33. Bb4 Nf4+ 34. gxf4
exf4 35. Bxf8 f3+ 36. Kf1 fxe2+ 37. Ke1 Qxf8 1-0

[Event "C.to Italiano Semifinale"]
[Site "Civitanova Marche ITA"]
[Date "2012.07.20"]
[Round "7"]
[White "Contin, Daniel"]
[Black "Lapenna, Antonio"]
[WhiteElo "2346"]
[BlackElo "2207"]
[Result "1-0"]
[PlyCount "85"]
[EventDate "2012.07.15"]

1. c4 c5 2. Nc3 Nc6 3. g3 g6 4. Bg2 Bg7 5. e3 e5 6. Nge2 Nge7 7. d3 d6 8. Qd2
Rb8 9. Rb1 Be6 10. Nd5 b5 11. Nec3 a6 12. O-O O-O 13. b3 f5 14. Bb2 h6 15. f4
Kh7 16. Kh1 Bg8 17. Bf3 Qd7 18. Qg2 bxc4 19. bxc4 Nb4 20. Nxb4 cxb4 21. Nd5
Nxd5 22. cxd5 Qb5 23. g4 Qxd3 24. gxf5 gxf5 25. Rg1 Rb7 26. fxe5 dxe5 27. d6
Rd7 28. Rbd1 Qxe3 29. Bc1 Qa7 30. Bxh6 Kh8 31. Qh3 Bh7 32. Bc6 Rdf7 33. d7 Qc7
34. Bxg7+ Rxg7 35. Rxg7 Kxg7 36. Qg2+ Bg6 37. Qd5 f4 38. Qe6 Qd8 39. Qxe5+ Kh6
40. Rd6 Qh4 41. Qe6 Qg5 42. Be4 f3 43. Qh3+ 1-0

[Event "C.to Italiano Semifinale"]
[Site "Civitanova Marche ITA"]
[Date "2012.07.20"]
[Round "7"]
[White "De Filomeno, Simone"]
[Black "Gilevych, Artem"]
[WhiteElo "2338"]
[BlackElo "2303"]
[Result "0-1"]
[PlyCount "106"]
[EventDate "2012.07.15"]

1. e4 e6 2. d4 d5 3. Nc3 Bb4 4. e5 c5 5. a3 Bxc3+ 6. bxc3 Qc7 7. Qg4 f5 8. Qg3
cxd4 9. cxd4 Ne7 10. Bd2 O-O 11. Bd3 b6 12. Ne2 Ba6 13. Nf4 Qd7 14. h4 Bxd3 15.
Qxd3 Nbc6 16. Rh3 Rac8 17. Rg3 Rf7 18. h5 Nd8 19. h6 g6 20. c3 Rc4 21. Nh5 Kh8
22. Nf6 Qa4 23. Bg5 Rc8 24. Kf1 Nb7 25. Kg1 Qc6 26. Qa6 Ra8 27. Qe2 Na5 28. Re1
Nc4 29. Nh5 Ng8 30. Nf4 Re8 31. Ra1 Qa4 32. Nd3 Qb3 33. Nc1 Qb2 34. Qxb2 Nxb2
35. Rb1 Nc4 36. a4 f4 37. Rg4 f3 38. Nd3 Rf5 39. gxf3 Rxg5 40. Rxg5 Nd2 41. Rc1
Nxf3+ 42. Kg2 Nxg5 43. c4 Rc8 44. c5 Nxh6 45. Rb1 Nf5 46. cxb6 axb6 47. Rxb6
Nxd4 48. a5 Ra8 49. a6 Nf7 50. Nc5 Nxe5 51. Rb7 Nec6 52. f4 Ra7 53. Rb6 Kg7 0-1

[Event "C.to Italiano Semifinale"]
[Site "Civitanova Marche ITA"]
[Date "2012.07.20"]
[Round "7"]
[White "Fagnani, Alessandro"]
[Black "Pipitone, Antonio"]
[WhiteElo "1981"]
[BlackElo "1942"]
[Result "1-0"]
[PlyCount "61"]
[EventDate "2012.07.15"]

1. e4 c5 2. Nf3 d6 3. d4 cxd4 4. Nxd4 Nf6 5. Nc3 Nc6 6. Bc4 e6 7. Be3 Be7 8.
Qe2 a6 9. O-O-O Qc7 10. Bb3 O-O 11. Rhg1 Nxd4 12. Bxd4 e5 13. Be3 Be6 14. g4
Bxb3 15. axb3 Qc6 16. g5 Nxe4 17. Nd5 Rfe8 18. b4 f5 19. f3 f4 20. fxe4 fxe3
21. Nf6+ Bxf6 22. gxf6 g6 23. Qh5 Qd7 24. Rxg6+ hxg6 25. Qxg6+ Kh8 26. f7 Re6
27. Qh5+ Kg7 28. Rg1+ Kf6 29. Qg5+ Kxf7 30. Rf1+ Ke8 31. Qg8+ 1-0

[Event "C.to Italiano Semifinale"]
[Site "Civitanova Marche ITA"]
[Date "2012.07.20"]
[Round "7"]
[White "Fioravanti, Diego"]
[Black "Bianco, Valerio"]
[WhiteElo "2117"]
[BlackElo "2141"]
[Result "0-1"]
[PlyCount "86"]
[EventDate "2012.07.15"]

1. d4 d5 2. c4 c6 3. Nf3 Nf6 4. Nc3 e6 5. Bg5 h6 6. Bh4 dxc4 7. a4 Bb4 8. Bxf6
Qxf6 9. e4 b5 10. Be2 Bb7 11. O-O O-O 12. Qc2 Nd7 13. Rfd1 a6 14. e5 Qe7 15.
Nd2 c5 16. dxc5 Bxc5 17. Bf3 Nxe5 18. Bxb7 Qxb7 19. Qe4 Nc6 20. Qh4 f5 21. Nf3
Rad8 22. Re1 Rfe8 23. g4 Rd3 24. Qh5 Qf7 25. Qxf7+ Kxf7 26. Ne5+ Nxe5 27. Rxe5
Bd4 28. Re2 Bxc3 29. bxc3 fxg4 30. axb5 axb5 31. Ra7+ Re7 32. Ra5 Rxc3 33. Rxb5
Rc7 34. Rb6 Rb3 35. Rexe6 Rxb6 36. Rxb6 c3 37. Rb1 c2 38. Rc1 Kf6 39. Kf1 Kf5
40. Ke1 Kf4 41. Kf1 Kf3 42. Ke1 h5 43. Kf1 Rd7 0-1

[Event "C.to Italiano Semifinale"]
[Site "Civitanova Marche ITA"]
[Date "2012.07.20"]
[Round "7"]
[White "Franchini, Gabriele"]
[Black "Costantini, Roberto"]
[WhiteElo "2149"]
[BlackElo "2289"]
[Result "0-1"]
[PlyCount "109"]
[EventDate "2012.07.15"]

1. e4 c5 2. Nf3 b6 3. c4 Bb7 4. Nc3 e6 5. Be2 d6 6. d4 cxd4 7. Nxd4 Nf6 8. f3
Be7 9. O-O O-O 10. Be3 Nbd7 11. Qd2 a6 12. Rfd1 Qc7 13. Rac1 Rac8 14. Bf1 Qb8
15. Qf2 Kh8 16. Kh1 Bd8 17. Nb3 Bc7 18. Qh4 Ne5 19. Qf2 Nfd7 20. Nd4 Rg8 21.
Be2 g5 22. b3 Rg6 23. Nc2 Rcg8 24. Ne1 Qf8 25. Nd3 f6 26. Nxe5 fxe5 27. b4 g4
28. fxg4 Qxf2 29. Bxf2 Nf6 30. c5 bxc5 31. bxc5 d5 32. Bg3 d4 33. c6 Bc8 34. g5
Rxg5 35. Bh4 dxc3 36. Bxg5 Rxg5 37. Rxc3 Nxe4 38. Rf3 Rf5 39. Rdf1 Nd2 40. Rxf5
exf5 41. Rc1 Ne4 42. g3 Kg7 43. Kg2 Kf6 44. Bc4 Nd6 45. Bd5 Nb5 46. a4 Nd4 47.
h3 Ke7 48. g4 Ne2 49. Rd1 Nc3 50. Rd3 Nxd5 51. Rxd5 fxg4 52. hxg4 Bxg4 53. Kg3
Be6 54. Rd1 h5 55. Ra1 0-1

[Event "C.to Italiano Semifinale"]
[Site "Civitanova Marche ITA"]
[Date "2012.07.20"]
[Round "7"]
[White "Gagliardi, Christian"]
[Black "Scalcione, Michelangelo"]
[WhiteElo "2209"]
[BlackElo "2346"]
[Result "0-1"]
[PlyCount "86"]
[EventDate "2012.07.15"]

1. e4 d6 2. d4 Nf6 3. Nc3 e5 4. Nf3 Nbd7 5. Bc4 Be7 6. O-O O-O 7. Re1 c6 8. a4
h6 9. h3 Nh7 10. a5 a6 11. d5 c5 12. Bd3 Kh8 13. Nd2 Bg5 14. Nc4 Qe7 15. Na4 g6
16. Ra3 Rg8 17. Rb3 Nhf6 18. g3 Bxc1 19. Qxc1 Kg7 20. Bf1 Rb8 21. Qd2 Rh8 22.
Bg2 Re8 23. Rbe3 Nf8 24. b4 cxb4 25. Qxb4 Rd8 26. f4 exf4 27. gxf4 Nh5 28. Rf1
Qh4 29. Ref3 Bd7 30. Nab6 Bb5 31. R1f2 Bxc4 32. Nxc4 f5 33. exf5 gxf5 34. Ne3
Qf6 35. Bf1 Ng6 36. Ng2 Re8 37. Re2 Rxe2 38. Bxe2 Re8 39. Qxb7+ Re7 40. Qxa6
Nhxf4 41. Nxf4 Nxf4 42. Rg3+ Kh7 43. Bf1 Qd4+ 0-1

[Event "C.to Italiano Semifinale"]
[Site "Civitanova Marche ITA"]
[Date "2012.07.20"]
[Round "7"]
[White "Innocenti, Giovanni"]
[Black "Borgiani, Flavio"]
[WhiteElo "2021"]
[BlackElo "2148"]
[Result "0-1"]
[PlyCount "80"]
[EventDate "2012.07.15"]

1. e4 e6 2. d4 c5 3. d5 exd5 4. exd5 d6 5. Nf3 Nf6 6. Nc3 Be7 7. Bb5+ Nbd7 8.
a4 a6 9. Be2 O-O 10. O-O b6 11. Nd2 Ne5 12. f4 Ng6 13. Nc4 Nd7 14. g3 f5 15.
Bd3 Nf6 16. Ne3 Ne8 17. Qh5 Nh8 18. Bd2 Bf6 19. Rae1 g6 20. Qf3 Nf7 21. h3 Bg7
22. g4 fxg4 23. hxg4 Qh4 24. Kg2 Ne5 25. Qg3 Nxd3 26. cxd3 Qxg3+ 27. Kxg3 Rb8
28. f5 Be5+ 29. Kg2 b5 30. axb5 axb5 31. fxg6 hxg6 32. Rxf8+ Kxf8 33. Ra1 b4
34. Ncd1 Bb7 35. Ra7 Bd4 36. g5 Nc7 37. Kg3 Be5+ 38. Kh4 Nb5 39. Ra5 Nd4 40.
Nf1 Bc8 0-1

[Event "C.to Italiano Semifinale"]
[Site "Civitanova Marche ITA"]
[Date "2012.07.20"]
[Round "7"]
[White "Lattanzio, Savino"]
[Black "Cocuzzi, Edoardo"]
[WhiteElo "2089"]
[BlackElo "1993"]
[Result "1-0"]
[PlyCount "84"]
[EventDate "2012.07.15"]

1. e4 e5 2. Bc4 Bc5 3. Nf3 d6 4. c3 a6 5. d4 exd4 6. cxd4 Bb6 7. h3 h6 8. O-O
Be6 9. d5 Bd7 10. e5 Ne7 11. exd6 cxd6 12. Bf4 Bb5 13. Bxb5+ axb5 14. Nc3 b4
15. Ne4 Bc5 16. Nxc5 dxc5 17. d6 Ng6 18. Re1+ Kf8 19. Bh2 Kg8 20. Qd5 Nd7 21.
Qxb7 Kh7 22. h4 Re8 23. Rxe8 Qxe8 24. Re1 Qd8 25. h5 Ngf8 26. Qd5 Ne6 27. Bg3
Kg8 28. Bh4 Qc8 29. Ne5 Nxe5 30. Rxe5 Ra7 31. Qc4 Qb8 32. Rxe6 fxe6 33. Qxe6+
Kh7 34. Qf5+ Kg8 35. d7 Rxd7 36. Qxd7 Qe5 37. Qd2 Qe4 38. Bg3 Qb1+ 39. Kh2 Qxa2
40. Be5 Qf7 41. g4 Qc4 42. Qf4 b3 1-0

[Event "C.to Italiano Semifinale"]
[Site "Civitanova Marche ITA"]
[Date "2012.07.20"]
[Round "7"]
[White "Mortola, Alberto"]
[Black "Xia, Jie"]
[WhiteElo "1989"]
[BlackElo "2301"]
[Result "0-1"]
[PlyCount "86"]
[EventDate "2012.07.15"]

1. e4 c5 2. c3 d6 3. d4 cxd4 4. cxd4 Nf6 5. Nc3 g6 6. f4 Bg7 7. Nf3 O-O 8. Bd3
Nc6 9. d5 Nb4 10. Be2 Qb6 11. h3 Nh5 12. Qb3 Bd7 13. g4 Ng3 14. Rg1 Nxe2 15.
Kxe2 Rac8 16. Be3 Qa6+ 17. Kf2 Nd3+ 18. Kg3 Nxb2 19. Rac1 Nd3 20. Rc2 Nc5 21.
Bxc5 Rxc5 22. Rgc1 Rfc8 23. Nd1 b6 24. Rxc5 bxc5 25. Ne3 Qb6 26. Nc4 Qb4 27. e5
Bf8 28. Ng5 Bb5 29. Ne4 Bxc4 30. Qxc4 Rb8 31. exd6 exd6 32. Qd3 Qb2 33. Rc2 Qa1
34. f5 Re8 35. Qc3 Qxc3+ 36. Nxc3 Bg7 37. Nb5 a6 38. Nc7 Re3+ 39. Kf4 Rxh3 40.
Nxa6 Bh6+ 41. g5 Rh4+ 42. Kg3 Bxg5 43. fxg6 hxg6 0-1

[Event "C.to Italiano Semifinale"]
[Site "Civitanova Marche ITA"]
[Date "2012.07.20"]
[Round "7"]
[White "Parrella, Alfredo"]
[Black "Astengo, Marcello"]
[WhiteElo "2101"]
[BlackElo "2033"]
[Result "1-0"]
[PlyCount "75"]
[EventDate "2012.07.15"]

1. c4 e6 2. g3 d5 3. Bg2 Nf6 4. Nf3 Be7 5. O-O O-O 6. d4 c6 7. Qc2 Nbd7 8. Nbd2
Re8 9. e4 dxe4 10. Nxe4 Nxe4 11. Qxe4 Bf6 12. Rd1 Qb6 13. Ne5 Rd8 14. Nf3 Nf8
15. c5 Qb4 16. Qc2 Qa5 17. Bf4 Ng6 18. Be3 Bd7 19. h4 Be8 20. Bf1 e5 21. h5
exd4 22. Bd2 Qc7 23. hxg6 hxg6 24. Bf4 Qd7 25. Bd6 Qg4 26. Be2 b6 27. Nxd4 Qh3
28. Bf3 bxc5 29. Bxc5 Be5 30. Bg2 Qg4 31. Nf3 Bc7 32. Rac1 Bd7 33. Rd4 Qh5 34.
Rh4 Qd5 35. Qc4 Qf5 36. Nd4 Qg5 37. Re4 Be5 38. Nf3 1-0

[Event "C.to Italiano Semifinale"]
[Site "Civitanova Marche ITA"]
[Date "2012.07.20"]
[Round "7"]
[White "Piscopo, Pierluigi"]
[Black "Bruno, Fabio"]
[WhiteElo "2360"]
[BlackElo "2423"]
[Result "1/2-1/2"]
[PlyCount "29"]
[EventDate "2012.07.15"]

1. e4 c5 2. Nf3 e6 3. g3 Nc6 4. Bg2 Nf6 5. Nc3 d6 6. d4 cxd4 7. Nxd4 Bd7 8. O-O
Be7 9. Nb3 O-O 10. Bg5 a6 11. Bxf6 gxf6 12. f4 Rc8 13. Qh5 Kh8 14. Rad1 Rg8 15.
Kh1 1/2-1/2

[Event "C.to Italiano Semifinale"]
[Site "Civitanova Marche ITA"]
[Date "2012.07.20"]
[Round "7"]
[White "Rambaldi, Francesco"]
[Black "Caprio, Guido"]
[WhiteElo "2257"]
[BlackElo "2430"]
[Result "0-1"]
[PlyCount "116"]
[EventDate "2012.07.15"]

1. d4 Nf6 2. c4 e6 3. Nc3 Bb4 4. e3 c5 5. Bd3 b6 6. Nf3 Bb7 7. O-O O-O 8. a3
Bxc3 9. bxc3 Ne4 10. Qc2 f5 11. Nd2 Qh4 12. f3 Ng5 13. Nb3 Rf6 14. e4 f4 15.
Qf2 Qxf2+ 16. Rxf2 e5 17. Rb2 Ne6 18. d5 Nd8 19. Kf2 h5 20. g3 d6 21. gxf4 exf4
22. e5 dxe5 23. Nd2 Nd7 24. Ne4 Rh6 25. a4 a5 26. Bd2 Nf7 27. h4 Ba6 28. Rg1
Re8 29. Ng5 Nd6 30. Ne6 Rexe6 31. dxe6 Rxe6 32. Rg6 Nf6 33. Rg1 Bxc4 34. Bb1
Kf7 35. Bg6+ Kf8 36. Bb1 Nf7 37. Bc1 Nd5 38. Bd2 Rd6 39. Re1 Nf6 40. Bg6 Ng4+
41. fxg4 Rxg6 42. g5 Rd6 43. g6 Rxg6 44. Reb1 Rd6 45. Bxf4 exf4 46. Rxb6 Rd3
47. Re1 g5 48. Rf6 Kg7 49. Rf5 Rd2+ 50. Kg1 Kg6 51. Rxc5 f3 52. Rxc4 f2+ 53.
Kf1 fxe1=Q+ 54. Kxe1 Rd5 55. hxg5 Kxg5 56. Kf2 Ne5 57. Rc8 Kf4 58. Rf8+ Ke4 0-1

[Event "C.to Italiano Semifinale"]
[Site "Civitanova Marche ITA"]
[Date "2012.07.20"]
[Round "7"]
[White "Rettore, Ludwig"]
[Black "Dappiano, Andrea"]
[WhiteElo "2119"]
[BlackElo "2180"]
[Result "1-0"]
[PlyCount "125"]
[EventDate "2012.07.15"]

1. d4 d6 2. e4 Nf6 3. Nc3 e5 4. dxe5 dxe5 5. Qxd8+ Kxd8 6. Bc4 Be6 7. Bxe6 fxe6
8. Bg5 Bd6 9. O-O-O Ke7 10. Nge2 h6 11. Bxf6+ gxf6 12. Rd3 Nc6 13. Rh3 Rag8 14.
g3 Bc5 15. Nd1 Rd8 16. Rh5 Nd4 17. Nf4 Kf7 18. Nd3 Bd6 19. Ne3 c6 20. Ng2 c5
21. c4 Nf3 22. Nh4 Nxh4 23. Rxh4 Be7 24. Kc2 Rd4 25. b3 Rhd8 26. Rd1 Kg7 27. f3
f5 28. Rh5 Kg6 29. g4 Bg5 30. Nxe5+ Kf6 31. Rxd4 Rxd4 32. Nd3 fxe4 33. fxe4
Rxe4 34. Nxc5 Rxg4 35. Nxb7 e5 36. Rh3 e4 37. Rg3 Rf4 38. Rg2 Ke5 39. Nc5 e3
40. Nd3+ Ke4 41. Nxf4 Bxf4 42. Kd1 Kf3 43. Rc2 h5 44. c5 h4 45. Ke1 h3 46. Kf1
Be5 47. c6 Bc7 48. b4 a5 49. b5 a4 50. Ke1 Ba5+ 51. Kd1 Bc7 52. a3 Ba5 53. c7
e2+ 54. Rxe2 Bxc7 55. Rb2 Bb6 56. Ke1 Bd4 57. Rc2 Bg1 58. Kf1 Bd4 59. Rd2 Bc5
60. Rd3+ Kg4 61. Rg3+ Kh4 62. Rc3 Bd6 63. Kg1 1-0

[Event "C.to Italiano Semifinale"]
[Site "Civitanova Marche ITA"]
[Date "2012.07.20"]
[Round "7"]
[White "Sbarra, Marco"]
[Black "Lantini, Marco"]
[WhiteElo "2271"]
[BlackElo "2153"]
[Result "1-0"]
[PlyCount "71"]
[EventDate "2012.07.15"]

1. d4 d5 2. c4 c6 3. Nf3 Nf6 4. e3 g6 5. Nc3 Bg7 6. h3 O-O 7. Bd3 dxc4 8. Bxc4
b5 9. Bb3 Nbd7 10. O-O b4 11. Na4 Ne4 12. Qc2 Ndf6 13. Qxc6 Bd7 14. Qc2 Qa5 15.
Qd1 Rfd8 16. Ne5 Be8 17. f3 Ng3 18. Re1 Rac8 19. Bd2 Nfe4 20. Bxf7+ Bxf7 21.
Nxf7 Nxd2 22. Nxd8 Rxd8 23. Nc5 Rxd4 24. Nb3 Nxb3 25. Qxb3+ Kh8 26. exd4 Bxd4+
27. Kh2 Qc7 28. f4 Nf5 29. Re4 e5 30. Rd1 Bf2 31. fxe5 Bg3+ 32. Kh1 Bxe5 33.
Rxe5 Qxe5 34. Qxb4 Ng3+ 35. Kg1 Qe3+ 36. Kh2 1-0

[Event "C.to Italiano Semifinale"]
[Site "Civitanova Marche ITA"]
[Date "2012.07.20"]
[Round "7"]
[White "Sibilio, Mario"]
[Black "Bonfa', Ileano"]
[WhiteElo "2352"]
[BlackElo "2235"]
[Result "1/2-1/2"]
[PlyCount "55"]
[EventDate "2012.07.15"]

1. Nf3 g6 2. d4 Nf6 3. c4 Bg7 4. Nc3 d5 5. g3 dxc4 6. Bg2 O-O 7. O-O Nfd7 8. e4
Nb6 9. h3 a5 10. Bf4 Na6 11. a3 Bd7 12. Qd2 Qc8 13. Kh2 c6 14. Bh6 Nc7 15. Bxg7
Kxg7 16. Rac1 f6 17. Qe3 Ra6 18. Rfd1 Qe8 19. Rd2 Qf7 20. Rcd1 Nb5 21. Ne2 c3
22. Nxc3 Nc4 23. Qd3 Nxd2 24. Rxd2 Nxc3 25. Qxc3 Raa8 26. d5 cxd5 27. Qc7 Bc6
28. exd5 1/2-1/2

[Event "C.to Italiano Semifinale"]
[Site "Civitanova Marche ITA"]
[Date "2012.07.20"]
[Round "7"]
[White "Spornberger, Maximilian"]
[Black "Dobboletta, Alex"]
[WhiteElo "2226"]
[BlackElo "2002"]
[Result "1/2-1/2"]
[PlyCount "122"]
[EventDate "2012.07.15"]

1. e4 c5 2. c3 d5 3. exd5 Qxd5 4. d4 g6 5. Nf3 Bg7 6. Na3 Bg4 7. Bc4 Qe4+ 8.
Be3 cxd4 9. cxd4 Nh6 10. Qb3 e6 11. Nb5 O-O 12. Nc7 Bxf3 13. gxf3 Qxf3 14. Rg1
Nc6 15. Nxa8 Nf5 16. Be2 Qxe2+ 17. Kxe2 Ncxd4+ 18. Ke1 Nxb3 19. axb3 Nxe3 20.
Rxa7 Nd5 21. Rg4 Bxb2 22. Rc4 Be5 23. h3 Rd8 24. Kf1 h5 25. Rc1 Kg7 26. b4 g5
27. b5 Kg6 28. b6 Bd4 29. Rb1 Rc8 30. Rd1 e5 31. Ra5 Nf4 32. Ra2 Nxh3 33. Nc7
Bxb6 34. Nd5 Rd8 35. Rb2 Bd4 36. Ne7+ Kf6 37. Rxb7 Nxf2 38. Rc1 Rd6 39. Nc8 Ra6
40. Rcc7 Kf5 41. Rxf7+ Kg4 42. Rxf2 Bxf2 43. Kxf2 Ra4 44. Rb3 Rf4+ 45. Kg2 h4
46. Ne7 Rc4 47. Nd5 Rc2+ 48. Kg1 Rd2 49. Ne3+ Kf4 50. Ng2+ Ke4 51. Ra3 Rd3 52.
Ra4+ Rd4 53. Ra3 Kf5 54. Ne3+ Kg6 55. Ra5 Re4 56. Kf2 Rf4+ 57. Kg2 h3+ 58. Kg3
e4 59. Kxh3 Rf3+ 60. Kg4 Rxe3 61. Rxg5+ Kf6 1/2-1/2

[Event "C.to Italiano Semifinale"]
[Site "Civitanova Marche ITA"]
[Date "2012.07.20"]
[Round "7"]
[White "Vezzosi, Paolo"]
[Black "Altini, Nicola"]
[WhiteElo "2293"]
[BlackElo "2332"]
[Result "0-1"]
[PlyCount "118"]
[EventDate "2012.07.15"]

1. d4 d5 2. Nf3 Nf6 3. c4 c6 4. Nbd2 Bf5 5. g3 e6 6. Bg2 Nbd7 7. O-O Be7 8. b3
Ne4 9. Bb2 O-O 10. Ne1 Ndf6 11. Ndf3 h6 12. Nd3 a5 13. a4 Nd6 14. Nfe5 Nd7 15.
Rc1 Be4 16. Nxd7 Qxd7 17. Nc5 Qd8 18. Nxe4 Nxe4 19. f3 Nf6 20. e4 dxe4 21. fxe4
e5 22. d5 Bc5+ 23. Kh1 Re8 24. Qe2 cxd5 25. exd5 Qb6 26. Qd1 Re7 27. Re1 Rae8
28. Be4 Be3 29. c5 Bxc5 30. Rc4 Qd6 31. Bf3 b6 32. Be4 Nxe4 33. Rcxe4 f6 34.
Qd3 Rd8 35. Rd1 Red7 36. Qf3 Rc7 37. Rc4 Qf8 38. Rc2 Qf7 39. g4 Qg6 40. Re2
Rcd7 41. Bc3 Bd4 42. Bxd4 Rxd5 43. Red2 Rxd4 44. Rxd4 exd4 45. Rd3 Qg5 46. Kg1
Qe5 47. h4 Rc8 48. h5 Rc1+ 49. Kg2 Rc2+ 50. Kf1 Rc8 51. Kg2 Re8 52. Qf2 Qe4+
53. Qf3 Qe1 54. Qd5+ Kh8 55. Qxd4 Re2+ 56. Kh3 Qh1+ 57. Kg3 Qh2+ 58. Kf3 Qg2+
59. Kf4 Rf2+ 0-1

[Event "C.to Italiano Semifinale"]
[Site "Civitanova Marche ITA"]
[Date "2012.07.20"]
[Round "7"]
[White "Villa, Giorgio"]
[Black "Di Trapani, Davide"]
[WhiteElo "1949"]
[BlackElo "2072"]
[Result "0-1"]
[PlyCount "54"]
[EventDate "2012.07.15"]

1. d4 d5 2. Nf3 Nf6 3. c4 c6 4. e3 e6 5. Bd3 dxc4 6. Bxc4 Nbd7 7. O-O Bd6 8.
Nc3 O-O 9. e4 e5 10. Bg5 Qc7 11. h3 b5 12. Bd3 exd4 13. Nxd4 Be5 14. Nf5 Nc5
15. f4 Bxc3 16. bxc3 Nfxe4 17. Bxe4 Nxe4 18. Qg4 Bxf5 19. Qxf5 Ng3 20. Qg4 Qb6+
21. Kh2 Nxf1+ 22. Rxf1 f5 23. Qf3 Rae8 24. Rd1 Re3 25. Qh5 Rxc3 26. Rd7 Qe3 27.
Bh4 Qxf4+ 0-1

[Event "C.to Italiano Semifinale"]
[Site "Civitanova Marche ITA"]
[Date "2012.07.21"]
[Round "8"]
[White "Altini, Nicola"]
[Black "Bruno, Fabio"]
[WhiteElo "2332"]
[BlackElo "2423"]
[Result "1-0"]
[PlyCount "71"]
[EventDate "2012.07.15"]

1. d4 Nf6 2. c4 e6 3. Nf3 b6 4. g3 Ba6 5. Qa4 Be7 6. Bg2 O-O 7. O-O c6 8. Nc3
d5 9. Ne5 b5 10. cxb5 cxb5 11. Qd1 b4 12. Na4 Nfd7 13. Nd3 Nc6 14. Be3 Qa5 15.
b3 Bf6 16. Ndc5 Nxc5 17. Nxc5 Bxd4 18. Bxd4 Bxe2 19. Qd2 Nxd4 20. Qxd4 Bxf1 21.
Bxf1 Qb6 22. Ba6 Rad8 23. a3 bxa3 24. Rxa3 Rb8 25. Ra4 Rfd8 26. b4 h6 27. Bd3
Rdc8 28. Bc2 Qb5 29. Bd3 Qb6 30. Qa1 Rd8 31. Rxa7 Qxb4 32. Nxe6 Qg4 33. Nxd8
Rxd8 34. Ra8 Qd7 35. Qa5 Rf8 36. Bh7+ 1-0

[Event "C.to Italiano Semifinale"]
[Site "Civitanova Marche ITA"]
[Date "2012.07.21"]
[Round "8"]
[White "Astengo, Marcello"]
[Black "Fioravanti, Diego"]
[WhiteElo "2033"]
[BlackElo "2117"]
[Result "1-0"]
[PlyCount "61"]
[EventDate "2012.07.15"]

1. d4 d5 2. c4 e6 3. Nc3 Nf6 4. cxd5 exd5 5. Bg5 Be7 6. e3 c6 7. Qc2 O-O 8. Bd3
h6 9. Bh4 Nbd7 10. Nge2 Re8 11. Bg3 Nf8 12. O-O Bd6 13. Bxd6 Qxd6 14. Qd2 Ng4
15. Ng3 h5 16. h3 Nxe3 17. Rfe1 h4 18. Nh5 Nc4 19. Qg5 Rxe1+ 20. Rxe1 Qh6 21.
Qxh4 g5 22. Qg3 Qxh5 23. Re8 Qh4 24. Qc7 Qf4 25. Qe7 Qc1+ 26. Bf1 Be6 27. Qxf8+
Kh7 28. Rxa8 Qd2 29. Qh8+ Kg6 30. Rg8+ Kf5 31. Qe5+ 1-0

[Event "C.to Italiano Semifinale"]
[Site "Civitanova Marche ITA"]
[Date "2012.07.21"]
[Round "8"]
[White "Bianco, Valerio"]
[Black "Andreoni, Giuseppe"]
[WhiteElo "2141"]
[BlackElo "2119"]
[Result "1/2-1/2"]
[PlyCount "36"]
[EventDate "2012.07.15"]

1. d4 Nf6 2. c4 g6 3. Nc3 d5 4. Bf4 Bg7 5. e3 c6 6. h3 O-O 7. Nf3 Bf5 8. Be2
dxc4 9. Bxc4 Nbd7 10. O-O Nb6 11. Bb3 Nbd5 12. Nxd5 Nxd5 13. Be5 Qd7 14. Bxg7
Kxg7 15. Qe2 Nf6 16. Rad1 Rad8 17. Ne5 Qd6 18. f3 Be6 1/2-1/2